Kurs teoretičeskoj mechaniki
Enregistré dans:
| Auteurs principaux: | , |
|---|---|
| Format: | Livre |
| Langue: | russe |
| Publié: |
Moskva :
Vyšča škola,
1983
|
| Édition: | 4-je izd. pererab. i dopoln. |
| Sujets: | |
| Tags: |
Pas de tags, Soyez le premier à ajouter un tag!
|
MARC
| LEADER | 00000nam a22000003a 4500 | ||
|---|---|---|---|
| 001 | stu95166 | ||
| 005 | 20150617225814.2 | ||
| 008 | 050728s1983------------------------rus-d | ||
| 040 | |a STU |b slo | ||
| 041 | 0 | |a rus | |
| 080 | |a 531/534 |7 stu_us_auth*stu7969 | ||
| 100 | 1 | |a Dobronravov, V.V. |4 aut | |
| 245 | 1 | |a Kurs teoretičeskoj mechaniki | |
| 250 | |a 4-je izd. pererab. i dopoln. | ||
| 260 | |a Moskva : |b Vyšča škola, |c 1983 | ||
| 300 | |a 574 s | ||
| 650 | 7 | |a mechanika |2 stusub | |
| 650 | 7 | |a prehľady |2 stusub | |
| 700 | 1 | |a Nikitin, N.N. |4 aut | |
| 996 | |b E54387 |c E*54387 |l EE03 |s P |a 0 |w stu95166_0001 | ||